Регионална библиотека "Любен Каравелов" - Русе

Патриарх Евтимий Търновски и неговото време (Запис номер 22679)

MARC детайли
000 -Лидер
Контролно поле с фиксирана дължина 02504nam a2200421 c 4500
003 - Код на организацията, давaща контролен номер
Контролно поле BLK
005 - Дата и час на последна редакция
Контролно поле 20180422095350.0
008 - Елементи от данни с фиксирана дължина
fixed length control field 180413b bul|||||r ||||||| ||bul||
010 ## - Наследен системен номер
LC control number KNG00025084000
020 ## - Международен стандартен номер на книга ISBN
Международен стандартен номер на книга ISBN 954-524-194-2
-- издат.: Унив. изд. Св. св. Кирил и Методий
040 ## - Източник на каталожния запис
Идентификатор на билиотеката - собственик на записа BLK
041 ## - Код за език
Код за езика на текст/звукозапис или на отделно заглавие Български
Код за езика КДБФ Български
080 ## - УДК
Текстов определител УДК Българска литература
УДК код - определител по УДК 821.163.2
УДК определител (091)(092)(063)
УДК - код + определител 821.163.2(091)(092)(063)
080 ## - УДК
Текстов определител УДК Славянски езици
УДК код - определител по УДК 811.16
УДК определител (063)
УДК - код + определител 811.16(063)
080 ## - УДК
Текстов определител УДК История на България
УДК код - определител по УДК 94(497.2)
УДК определител .032.24(063)
УДК - код + определител 94(497.2).032.24(063)
080 ## - УДК
Текстов определител УДК Патриарх на България
УДК код - определител по УДК 929 Евтимий Търновски, патриарх
УДК определител
УДК - код + определител 929 Евтимий Търновски, патриарх
139 ## - Редно поле
Редна дума Патриарх Евтимий Търновски и неговото време
Авторски знак Евт - Е 22
245 10 - Сведения за заглавието
Заглавие Патриарх Евтимий Търновски и неговото време
Подзаглавни данни Материали от нац. науч. сес. 600 г. от заточението на св. Евтимий, патриарх Търновски, В. Търново, 6 окт. 1993 г
Редно поле (дума) ред. кол. Георги Данчев.
257 ## - Страна на издаване
Страна на създаване/издаване България
260 ## - Област на издателските данни
-- В. Търново
Име на издателя, разпространителя и проч. Унив. изд. Св. св. Кирил и Методий
Година на издаване 1998
Печатница В. Търново : Абагар
300 ## - Физическа характеристика
Страници 351 с.
Размери/Мащаб 21 см
380 ## - Жанр
Жанр Литературознание
490 1# - СЕРИИ (Колекции)
Име на серия Проглас
500 ## - Общи забележки
Забележка Други ред. : Т. Коев, Ив. Харалампиев, Д. Кенанов ; Пълното име на ред. Иван Харалампиев е Иван Харалампиев Иванов, а на Г. Данчев - Георги Данчев Савов. - Библиогр. с. 347-349.
600 14 - Име на лице, използвано като предмет
За него / За нея Евтимий Търновски, патриарх
9 (RLIN) 255876
650 #4 - Допълнително описание по предмет – тема
Основно описание – тема или топоним Просветители, български
9 (RLIN) 244645
650 #4 - Допълнително описание по предмет – тема
Основно описание – тема или топоним Старобългарска литература
9 (RLIN) 253145
650 #4 - Допълнително описание по предмет – тема
Основно описание – тема или топоним Старобългарски език
9 (RLIN) 266578
650 #4 - Допълнително описание по предмет – тема
Основно описание – тема или топоним История - България - средни векове
9 (RLIN) 262931
653 ## - Ключова дума – ненормативна
Ключова дума българска литература
653 ## - Ключова дума – ненормативна
Ключова дума патриарх Евтимий
700 1# - Други автори (авторска отговорност)
Лично име Данчев, Георги
Автороска отговорност (Описва отношението между автора и произведението) ред. кол.
Друга информация Савов, Георги Данчев
9 (RLIN) 365128
852 ## - Местоположение
Форматна сигнатура Цб 197986
856 4# - Електронен адрес и достъп
Електронен формат pdf - файл
Път до файла /url/
856 4# - Електронен адрес и достъп
Електронен формат pdf - файл
Път до файла /url/
942 ## - АРТИКУЛИ
Вид на библиотечния материал Книги
Скрит в OPAC Не
944 ## - СЪЗДАВАНЕ И РЕДАКЦИЯ на ЗАПИСА
Създаване/Редакция Създаване
Дата на регистрацията/редакция 15.01.2003
Служител, извършил регистрацията/редакцията Геновева_Генчева
944 ## - СЪЗДАВАНЕ И РЕДАКЦИЯ на ЗАПИСА
Създаване/Редакция Редакция
Дата на регистрацията/редакция 17.10.2016
Служител, извършил регистрацията/редакцията Нора_Радева
999 ## - СИСТЕМНИ КОНТРОЛНИ НОМЕРА
Koha biblionumber 22679
Koha biblioitemnumber 22679
Наличности
Код за отписване Код за изгубен артикул Източник на класификационната схема Код за повреда Коз за рестрикции Код за отдаване Артикулен № Име на библиотеката - собственик Име на библиотеката, в която се намира в момента Статус (Текущо местоположение) Дата на вписване в системата Местоположение - отдел Цена в лева Инвентарен номер Систематично азбучна сигнатура Баркод Номер на екземпляра Цена в евро Служебна бележка Служебен тип на артикула
  Не е изгубен Universal Decimal Classification Не е повреден без рестрикции ползва се в читалня 37425 Регионална библиотека "Любен Каравелов" Русе Регионална библиотека "Любен Каравелов" Русе Хранилище 2001-01-01 Хранилище 0.00 645156 Цб 197986 120000645156 1 0.00 Дост: Dp Вид: Д N: 47 Дата: 01.01.1998 Книги
Изтеглен Не е изгубен Universal Decimal Classification Не е повреден без рестрикции заемане за дома 37426 Регионална библиотека "Любен Каравелов" Русе Регионална библиотека "Любен Каравелов" Русе Заемна - подръчен фонд 2001-01-01 Заемна - подръчен фонд 4.00 643111 П 821.163.2.09(092)/Е 22 643111 2 2.05 Дост: Pk Вид: Ф N: стар фонд Дата: 01.01.1998 Дата инв: 07.02.2018 Бележки инв: П2018 Книги
Vip Innovations Ltd, Rousse, Bulgaria 2025